000 00802nam a2200205 a 4500
005 20251103091157.0
008 251103t20252025my ||||| |||| 00| 0 may d
020 _a9786299644903
040 _aAKMAL
082 0 4 _a352.448 WIR
090 _a352.448
_bWIR
245 0 0 _aWIRA WIRAWATI KASTAM /
_cEditor: Norazimah binti Kasim, Aida binti Md. Hanafiah, Saliza binti Abd. Hamid@Salleh, Norkhanisa binti Shamsudin, Aini Raudhah binti Roslam, Irma Sahira binti Ramle
264 1 _aMelaka :
_bAkademi Kastam Diraja Malaysia,
_c2025
300 _a53 p. :
_bll. col ;
_c30cm
650 1 0 _aCustoms administration
_zMalaysia
_9491
650 2 0 _aCivil service
_zMalaysia
_9420
650 2 0 _aGovernment publications
_zMalaysia
710 2 _aAkademi Kastam Diraja Malaysia,
_eissuing body.
_95800
942 _2ddc
_cBOOK
999 _c5040
_d5040